000 00309nam a22001337a 4500
008 171027b xxu||||| |||| 00| 0 eng d
020 _a9780077560089
041 _aeng
080 _216TH
_a336
100 _a55
101 _aMEN
245 _aFINANCIAL&MANAGERIAL ACCOUNTING
_cWILLIAMS,J.R
942 _2udc
_cBK
999 _c36038
_d36038